[Event "Olomoucke sachove leto Open Olomouc"]
[Site "Olomouc"]
[Date "2015.08.19"]
[Round "6.6"]
[White "Chudinovskikh, Alexander M"]
[Black "Navratil-Jun., Jiri"]
[Result "0-1"]
[WhiteElo "2275"]
[BlackElo "1988"]
[PlyCount "76"]
[EventDate "2015.08.15"]

1. e4 c5 2. Nf3 d6 3. d4 cxd4 4. Nxd4 Nf6 5. Nc3 a6 6. f4 e6 7. Qf3 Qc7 8. Be3
b5 9. a3 Bb7 10. f5 e5 11. Nb3 Nbd7 12. O-O-O Rc8 13. Rd2 Nc5 14. Nxc5 dxc5 15.
Nd5 Bxd5 16. exd5 c4 17. c3 a5 18. Bg5 b4 19. axb4 axb4 20. cxb4 Bxb4 21. Rc2
Qa5 22. Kb1 c3 23. Bxf6 Ra8 24. Rxc3 Bxc3 25. Qxc3 Qxc3 26. bxc3 gxf6 27. Bc4
Ke7 28. d6+ Kxd6 29. Bxf7 Rhd8 30. Kc2 e4 31. Rb1 Ke5 32. Rb5+ Kf4 33. Bd5 Rdb8
34. Rc5 Rc8 35. Rb5 Ra3 36. Bb3 Ke3 37. Rb4 Rd8 38. Kb2 Raa8 0-1

[Event "Olomoucke sachove leto Open Olomouc"]
[Site "Olomouc"]
[Date "2015.08.19"]
[Round "6.7"]
[White "Straka, Vojtech"]
[Black "Nehyba, Martin"]
[Result "1-0"]
[WhiteElo "2322"]
[BlackElo "1799"]
[PlyCount "65"]
[EventDate "2015.08.15"]

1. d4 Nf6 2. Nf3 d5 3. c4 c6 4. Nc3 e6 5. e3 Bd6 6. Bd3 Nbd7 7. O-O O-O 8. e4
dxe4 9. Nxe4 Nxe4 10. Bxe4 Nf6 11. Bc2 Nd7 12. Re1 Re8 13. Qd3 f5 14. Bg5 Nf6
15. Rad1 h6 16. Bc1 Qc7 17. c5 Bf8 18. Ne5 Nd5 19. Qg3 g5 20. f4 g4 21. h3 h5
22. Qh4 Qh7 23. hxg4 hxg4 24. Qxh7+ Kxh7 25. Nxg4 Kg7 26. Ne5 Kf6 27. g4 fxg4
28. Nxg4+ Kf7 29. Ne5+ Kf6 30. Kf2 Ne7 31. Rh1 Nf5 32. Rdg1 Nxd4 33. Rh7 1-0

[Event "Olomoucke sachove leto Open Olomouc"]
[Site "Olomouc"]
[Date "2015.08.19"]
[Round "6.8"]
[White "Gantsooj, Ganzorig"]
[Black "Havelka, Jan"]
[Result "1/2-1/2"]
[WhiteElo "1800"]
[BlackElo "2178"]
[PlyCount "76"]
[EventDate "2015.08.15"]

1. e4 e6 2. d3 c5 3. Nf3 Nc6 4. g3 g6 5. Bg2 Bg7 6. O-O Nge7 7. c3 d5 8. Qe2
O-O 9. Be3 b6 10. Rd1 Ba6 11. Qc2 Rc8 12. Qa4 Bb7 13. d4 cxd4 14. Nxd4 Nxd4 15.
Bxd4 Bxd4 16. Rxd4 Bc6 17. Qc2 Qc7 18. Nd2 e5 19. Rd3 Qb7 20. exd5 Nxd5 21.
Bxd5 Bxd5 22. Re1 f6 23. Rde3 Rc7 24. Ne4 Bxe4 25. Rxe4 Rcf7 26. f4 exf4 27.
Rxf4 Kg7 28. Rfe4 Rd8 29. Qe2 Qc8 30. Re7 Qc5+ 31. Kf1 Rd7 32. Rxf7+ Rxf7 33.
Qe6 h5 34. Kg2 Qf5 35. Re2 Qd3 36. Qe4 Qd1 37. Re1 Qd2+ 38. Re2 Qd1 1/2-1/2

[Event "Olomoucke sachove leto Open Olomouc"]
[Site "Olomouc"]
[Date "2015.08.19"]
[Round "6.9"]
[White "Baasansuren, Erdene"]
[Black "Toman, Ondrej"]
[Result "1-0"]
[WhiteElo "1923"]
[BlackElo "2178"]
[PlyCount "83"]
[EventDate "2015.08.15"]

1. d4 Nf6 2. c4 c5 3. d5 b5 4. cxb5 a6 5. b6 d6 6. Nc3 g6 7. Nf3 Bg7 8. Nd2
Nbd7 9. e4 O-O 10. Be2 Nxb6 11. O-O a5 12. a4 Ba6 13. Bxa6 Rxa6 14. Qc2 Nfd7
15. b3 c4 16. bxc4 Qc8 17. Ra2 Nxc4 18. Nb5 Nxd2 19. Bxd2 Qxc2 20. Rxc2 Nc5 21.
Rc4 Rb8 22. Be3 e6 23. Bxc5 dxc5 24. Rxc5 Bf8 25. Rc6 Rab6 26. Rd1 exd5 27.
exd5 R6b7 28. Kf1 Rd8 29. d6 Rbd7 30. g4 f6 31. f4 Kf7 32. f5 h5 33. h3 hxg4
34. hxg4 gxf5 35. gxf5 Bh6 36. Re1 Bf4 37. Rc7 Be5 38. Kf2 Ke8 39. Rh1 Rxc7 40.
dxc7 Rd2+ 41. Ke3 Rc2 42. Rh8+ 1-0

[Event "Olomoucke sachove leto Open Olomouc"]
[Site "Olomouc"]
[Date "2015.08.19"]
[Round "6.10"]
[White "Kabelka, Ondrej"]
[Black "Pardy, Martin"]
[Result "1-0"]
[WhiteElo "1855"]
[BlackElo "2117"]
[PlyCount "61"]
[EventDate "2015.08.15"]

1. d4 d5 2. c4 e6 3. Nc3 Nf6 4. Bg5 c6 5. e3 Nbd7 6. Nf3 Be7 7. Qc2 O-O 8. cxd5
Nxd5 9. Bxe7 Qxe7 10. Nxd5 exd5 11. Bd3 g6 12. O-O Nf6 13. Ne5 Kg7 14. Rac1 Ne4
15. Bxe4 dxe4 16. Qc5 Qf6 17. f3 Qg5 18. f4 Qf6 19. Qc2 Qe7 20. Qc5 Qc7 21. d5
f6 22. Nc4 Rd8 23. Rfd1 Bg4 24. Rd4 b5 25. Nd2 Qa5 26. Qe7+ Kh6 27. Rxc6 Qxa2
28. Rc7 Qa1+ 29. Nf1 Rh8 30. Qg7+ Kh5 31. Qxh7+ 1-0

[Event "Olomoucke sachove leto Open senioru"]
[Site "Olomouc"]
[Date "2015.08.19"]
[Round "6.1"]
[White "Young, Mel"]
[Black "Prachar, Josef"]
[Result "0-1"]
[WhiteElo "1893"]
[BlackElo "1899"]
[PlyCount "72"]
[EventDate "2015.08.15"]

1. e4 c5 2. d4 cxd4 3. c3 dxc3 4. Nxc3 Nc6 5. Nf3 d6 6. Bc4 a6 7. O-O Nf6 8.
Bf4 Bg4 9. h3 Bxf3 10. Qxf3 e6 11. Rfd1 Qb8 12. Rac1 Ne5 13. Qe2 Be7 14. Bb3
O-O 15. a4 b6 16. Na2 Qb7 17. f3 Nfd7 18. Kh1 Rfd8 19. Nb4 Nc5 20. Ba2 Bf6 21.
Bxe5 Bxe5 22. Nd3 Nxa4 23. Nxe5 dxe5 24. Rxd8+ Rxd8 25. Rd1 Rd4 26. Rxd4 exd4
27. Qc4 Qd7 28. Qxa6 g6 29. Bb1 Qc6 30. Bd3 Nxb2 31. Bb5 Qc1+ 32. Kh2 Qf4+ 33.
Kg1 d3 34. Qxb6 d2 35. Qd8+ Kg7 36. Qd4+ e5 0-1

[Event "Olomoucke sachove leto Open senioru"]
[Site "Olomouc"]
[Date "2015.08.19"]
[Round "6.2"]
[White "Fiala, Jiri"]
[Black "Heppell, Ian"]
[Result "1/2-1/2"]
[WhiteElo "1922"]
[BlackElo "2092"]
[PlyCount "77"]
[EventDate "2015.08.15"]

1. d4 d6 2. c4 f5 3. Nc3 Nf6 4. Nf3 g6 5. Bg5 Bg7 6. h4 Nbd7 7. Qc2 h6 8. Bf4
Nh5 9. Bh2 Ndf6 10. e4 fxe4 11. Nxe4 Bf5 12. Bd3 Qd7 13. O-O-O O-O-O 14. Nc3
Ng4 15. Nd5 Nxh2 16. Rxh2 Rhf8 17. Ne3 Bxd3 18. Rxd3 Rde8 19. Ra3 Rxf3 20. gxf3
Bxd4 21. Qxg6 Nf6 22. Qd3 Bc5 23. Rc3 Qa4 24. Kb1 Rg8 25. Rh1 e6 26. Rcc1 Qc6
27. Qe2 Nh5 28. Rhg1 Rf8 29. Ng4 Nf4 30. Qd1 h5 31. Ne3 Nh3 32. Rg3 Nf4 33. a3
Qb6 34. Rc3 a5 35. Rb3 Qc6 36. Rc3 Kb8 37. Rb3 a4 38. Rb5 d5 39. Ra5 1/2-1/2

[Event "Olomoucke sachove leto Open senioru"]
[Site "Olomouc"]
[Date "2015.08.19"]
[Round "6.3"]
[White "Oral, Josef"]
[Black "Vik, Joergen"]
[Result "0-1"]
[WhiteElo "1826"]
[BlackElo "1881"]
[PlyCount "136"]
[EventDate "2015.08.15"]

1. e4 Nf6 2. Nc3 e5 3. Nf3 d6 4. d4 exd4 5. Nxd4 Be7 6. Be2 O-O 7. O-O Nbd7 8.
Nf5 Nc5 9. Nxe7+ Qxe7 10. f3 h6 11. a3 Bd7 12. Qe1 Rfe8 13. b4 Ne6 14. Qg3 Nh5
15. Qg4 Nef4 16. Nd5 Nxe2+ 17. Kf2 Bxg4 18. Nxe7+ Rxe7 19. fxg4 Nf6 20. Kxe2
Rxe4+ 21. Kd3 Rae8 22. h3 Nd7 23. Bd2 Re2 24. Rae1 Rxe1 25. Rxe1 Ne5+ 26. Kc3
Kf8 27. Kb3 b5 28. Bc3 f6 29. Bd2 Nc4 30. Rxe8+ Kxe8 31. Bf4 Kd7 32. a4 a6 33.
axb5 axb5 34. h4 Ke6 35. Kc3 Ne5 36. g5 Ng6 37. Bd2 Nxh4 38. gxf6 gxf6 39. g3
Nf3 40. Bxh6 Kd5 41. g4 Ng5 42. Kd3 Nf7 43. Bf4 Ne5+ 44. Kd2 Nxg4 45. Kc3 Ke4
46. Bg3 f5 47. Bh4 f4 48. Bd8 f3 49. Kd2 Ne3 50. Bh4 Nc4+ 51. Ke1 Kf4 52. Kf2
Kg4 53. Bd8 c6 54. Bc7 Kf4 55. Bb8 Ke4 56. Ba7 Ne5 57. Bb6 Ng4+ 58. Kg3 f2 59.
Kg2 Ne3+ 60. Kxf2 Nxc2 61. Bc7 Kd5 62. Ba5 Kc4 63. Bc7 d5 64. Ke2 Nxb4 65. Kd2
d4 66. Bd6 Na2 67. Be7 Nc3 68. Bf6 Ne4+ 0-1

[Event "Olomoucke sachove leto Open senioru"]
[Site "Olomouc"]
[Date "2015.08.19"]
[Round "6.4"]
[White "Pokora, Lubomir"]
[Black "Kolmas, Oldrich"]
[Result "1/2-1/2"]
[WhiteElo "1862"]
[BlackElo "1949"]
[PlyCount "49"]
[EventDate "2015.08.15"]

1. e4 e5 2. Nf3 Nc6 3. Bb5 a6 4. Ba4 Nf6 5. d4 Nxe4 6. Qe2 Nf6 7. dxe5 Nd5 8.
O-O Be7 9. c4 Nb6 10. Bc2 d6 11. Rd1 Be6 12. b3 Nd7 13. Bb2 dxe5 14. Nxe5 Ncxe5
15. Bxe5 Bf6 16. Bxf6 Qxf6 17. Nd2 O-O 18. Qe4 Qg6 19. Qxg6 hxg6 20. Nf1 Rad8
21. Rd2 Nf6 22. Rad1 Rxd2 23. Rxd2 Re8 24. f3 Bd7 25. Kf2 1/2-1/2

[Event "Olomoucke sachove leto Open senioru"]
[Site "Olomouc"]
[Date "2015.08.19"]
[Round "6.6"]
[White "Mikulka, Jan"]
[Black "Kearsley, Raymond"]
[Result "0-1"]
[WhiteElo "1833"]
[BlackElo "1730"]
[PlyCount "51"]
[EventDate "2015.08.15"]

1. e4 c5 2. Nf3 g6 3. d4 cxd4 4. Nxd4 Bg7 5. Be3 Nf6 6. Nc3 Nc6 7. f3 O-O 8.
Qd2 d5 9. exd5 Nxd5 10. Nxd5 Qxd5 11. c4 Qe5 12. f4 Qd6 13. O-O-O Bg4 14. Be2
Bxe2 15. Nxe2 Qe6 16. Kb1 Rfd8 17. Qc1 Qe4+ 18. Ka1 Nb4 19. Rd2 Rxd2 20. Bxd2
Nc2+ 21. Kb1 Nd4+ 22. Ka1 Nxe2 23. Re1 Nxc1 24. Rxe4 Nd3 25. Rxe7 Nxb2 26. Kb1
0-1

[Event "Olomoucke sachove leto GM1"]
[Site "Olomouc"]
[Date "2015.08.20"]
[Round "7.1"]
[White "Yagupov, Igor"]
[Black "Repka, Christopher"]
[Result "1-0"]
[WhiteElo "2348"]
[BlackElo "2450"]
[PlyCount "135"]
[EventDate "2015.??.??"]

1. e4 e6 2. d4 d5 3. Nc3 Nf6 4. e5 Nfd7 5. f4 c5 6. Nf3 Nc6 7. Be3 Qb6 8. Na4
Qa5+ 9. c3 b6 10. Bd2 c4 11. b4 Qa6 12. g3 Be7 13. a3 O-O 14. Bh3 f5 15. exf6
Nxf6 16. Ng5 e5 17. dxe5 Ne4 18. Bxc8 Raxc8 19. Nxe4 dxe4 20. Nb2 Rfd8 21. Qe2
Bxb4 22. Qxc4+ Qxc4 23. Nxc4 Na5 24. Nxa5 Bxa5 25. Rc1 Kf7 26. Ke2 Rd3 27. Rhd1
Rcd8 28. a4 Ke6 29. Be1 g5 30. Rxd3 exd3+ 31. Ke3 b5 32. Bd2 Kf5 33. g4+ Ke6
34. axb5 gxf4+ 35. Ke4 f3 36. Rf1 Bxc3 37. Bxc3 d2 38. Bxd2 Rxd2 39. Rxf3 Re2+
40. Kd4 Rd2+ 41. Ke4 Re2+ 42. Kf4 Rxh2 43. Ra3 Rf2+ 44. Kg5 Rf7 45. Ra5 Rc7 46.
Kf4 Rc4+ 47. Kf3 Rc5 48. Rxa7 Rxb5 49. Kf4 Rb4+ 50. Kg5 h6+ 51. Kh5 Kxe5 52.
Ra6 Kf4 53. Rxh6 Rb5+ 54. Kh4 Rb1 55. Rf6+ Ke5 56. g5 Rh1+ 57. Kg4 Rh8 58. Rf1
Ke6 59. g6 Rh2 60. Kg5 Ke7 61. g7 Rg2+ 62. Kh6 Rh2+ 63. Kg6 Rg2+ 64. Kh7 Rh2+
65. Kg8 Rh3 66. Re1+ Kf6 67. Kf8 Ra3 68. g8=Q 1-0

[Event "Olomoucke sachove leto GM1"]
[Site "Olomouc"]
[Date "2015.08.20"]
[Round "7.2"]
[White "Plat, Vojtech"]
[Black "Ioannidis, Evgenios"]
[Result "1/2-1/2"]
[WhiteElo "2458"]
[BlackElo "2362"]
[PlyCount "101"]
[EventDate "2015.??.??"]

1. d4 d5 2. c4 c6 3. Nc3 Nf6 4. cxd5 cxd5 5. Bf4 Nc6 6. e3 Bf5 7. Qb3 Na5 8.
Bb5+ Bd7 9. Qa4 Nc4 10. Nf3 e6 11. O-O Be7 12. Ne5 Nxe5 13. Bxe5 Bxb5 14. Qxb5+
Qd7 15. Rac1 O-O 16. Bxf6 Qxb5 17. Nxb5 Bxf6 18. Rc7 a6 19. Nd6 b5 20. f4 Bd8
21. Rc6 Ba5 22. a3 Rfb8 23. f5 b4 24. a4 b3 25. Kf2 Bb4 26. Rfc1 Kf8 27. fxe6
fxe6 28. Ke2 Bxd6 29. Rxd6 Rb4 30. Rxe6 a5 31. Rd6 Rxa4 32. Rxd5 Ra2 33. Rb1 a4
34. Rb5 Rc8 35. Kf3 Rc2 36. Ra5 Ke7 37. d5 Kd6 38. e4 Rcxb2 39. Rxb2 Rxb2 40.
Rxa4 Rb1 41. Rb4 b2 42. Kf2 Kc5 43. Rb8 Kd4 44. d6 Kxe4 45. Ke2 Ra1 46. d7 Ra2
47. Kf1 Ra8 48. Rxb2 Rd8 49. Re2+ Kf5 50. g4+ Kf6 51. Rd2 1/2-1/2

[Event "Olomoucke sachove leto GM1"]
[Site "Olomouc"]
[Date "2015.08.20"]
[Round "7.3"]
[White "Ivanov, Mikhail M"]
[Black "Rasik, Vitezslav"]
[Result "0-1"]
[WhiteElo "2408"]
[BlackElo "2446"]
[PlyCount "122"]
[EventDate "2015.??.??"]

1. d4 g6 2. c4 Bg7 3. g3 Nf6 4. Bg2 O-O 5. Nf3 d6 6. O-O Nc6 7. Nc3 a6 8. b3
Rb8 9. Bb2 b5 10. cxb5 axb5 11. Rc1 b4 12. Na4 Na5 13. d5 e6 14. dxe6 fxe6 15.
Qc2 Ne8 16. Bxg7 Kxg7 17. Rfd1 Qf6 18. e4 e5 19. Rd5 Ra8 20. Ne1 Bd7 21. Nc5
Bc6 22. Ncd3 Bxd5 23. exd5 Nb7 24. Nxb4 Nc5 25. Nbd3 Nxd3 26. Nxd3 Qf5 27. a4
Qd7 28. f4 exf4 29. Nxf4 Kg8 30. Ne6 Rf7 31. Bh3 Qe7 32. b4 Ng7 33. b5 Qf6 34.
Rf1 Qe5 35. Rxf7 Kxf7 36. Qxc7+ Kg8 37. Nxg7 Rxa4 38. Be6+ Kh8 39. Qf7 Ra8 40.
Ne8 Qe1+ 41. Kg2 Qe2+ 42. Qf2 Qxf2+ 43. Kxf2 Rxe8 44. Bd7 Rb8 45. Ke3 Kg7 46.
Kd4 Kf6 47. Bc6 Ke7 48. h4 Kd8 49. Ke4 Kc7 50. Kf4 h6 51. g4 Rf8+ 52. Kg3 g5
53. hxg5 hxg5 54. Kg2 Rf4 55. Kg3 Kb6 56. Bd7 Kc5 57. Bc6 Kd4 58. b6 Ke5 59. b7
Rb4 60. Kf3 Rb3+ 61. Ke2 Kf4 0-1

[Event "Olomoucke sachove leto GM1"]
[Site "Olomouc"]
[Date "2015.08.20"]
[Round "7.4"]
[White "Simacek, Pavel"]
[Black "Nguyen, Thai Dai Van"]
[Result "1/2-1/2"]
[WhiteElo "2461"]
[BlackElo "2364"]
[PlyCount "39"]
[EventDate "2015.??.??"]

1. e4 e6 2. d4 d5 3. Nd2 c5 4. exd5 Qxd5 5. Ngf3 cxd4 6. Bc4 Qd6 7. O-O Nf6 8.
Nb3 Nc6 9. Nbxd4 Nxd4 10. Qxd4 Qxd4 11. Nxd4 Bd7 12. Bf4 Rc8 13. Bb3 Bc5 14.
Rad1 O-O 15. h3 Rfd8 16. c3 Be8 17. Bg5 Bxd4 18. Rxd4 Rxd4 19. cxd4 Bc6 20. Rc1
1/2-1/2

[Event "Olomoucke sachove leto GM2"]
[Site "Olomouc"]
[Date "2015.08.20"]
[Round "7.1"]
[White "Cernousek, Lukas"]
[Black "Madan, Augustin"]
[Result "1-0"]
[WhiteElo "2458"]
[BlackElo "2296"]
[PlyCount "81"]
[EventDate "2015.??.??"]

1. d4 Nf6 2. c4 e6 3. Nc3 Bb4 4. Qc2 c5 5. dxc5 Na6 6. a3 Bxc3+ 7. Qxc3 Nxc5 8.
f3 a5 9. Bf4 b6 10. b4 axb4 11. axb4 Rxa1+ 12. Qxa1 Nb7 13. e4 d6 14. Bd3 O-O
15. Ne2 e5 16. Be3 b5 17. O-O bxc4 18. Bxc4 d5 19. exd5 Nd6 20. Bb3 Re8 21. Bc5
e4 22. Nd4 exf3 23. Nc6 Qd7 24. Rxf3 Nde4 25. Ne5 Qb7 26. Ba4 Rd8 27. Nc6 Rd7
28. Na5 Qxd5 29. Bxd7 Bxd7 30. Qd4 Qa2 31. Nc4 h6 32. h3 Bb5 33. Nd6 Qb1+ 34.
Kh2 Bc6 35. Nxe4 Bxe4 36. Rf2 Nd5 37. Re2 f5 38. Rxe4 Qxe4 39. Qxe4 fxe4 40. b5
e3 41. Bxe3 1-0

[Event "Olomoucke sachove leto GM2"]
[Site "Olomouc"]
[Date "2015.08.20"]
[Round "7.2"]
[White "Sergeev, Vladimir"]
[Black "Teske, Henrik"]
[Result "1-0"]
[WhiteElo "2452"]
[BlackElo "2475"]
[PlyCount "109"]
[EventDate "2015.??.??"]

1. g3 d5 2. Nf3 g6 3. c4 c6 4. Qa4 e6 5. Bg2 Bg7 6. O-O Ne7 7. d4 Nd7 8. Nbd2
a6 9. Qc2 b5 10. b3 Nf5 11. Bb2 bxc4 12. bxc4 Rb8 13. Rab1 O-O 14. Rfc1 Re8 15.
e3 h5 16. Bc3 Rxb1 17. Rxb1 Nd6 18. Bb4 Nb7 19. Bf1 Nb8 20. Rc1 c5 21. Bxc5
Nxc5 22. dxc5 Bb7 23. Bg2 Nc6 24. Rb1 Ba8 25. cxd5 Qxd5 26. Nh4 Qd8 27. Nc4 Bf8
28. Rd1 Qg5 29. Nd6 Rb8 30. Nf3 Qf6 31. Nd4 Nb4 32. Qe2 Bxg2 33. Kxg2 Nd5 34.
Rc1 h4 35. a3 Kg7 36. Qf3 Bxd6 37. cxd6 Qe5 38. d7 h3+ 39. Kxh3 Rh8+ 40. Kg2
Qd6 41. Qe4 Rd8 42. Rc6 Qxd7 43. Rxa6 Rc8 44. Nf3 Qb5 45. Qd4+ Nf6 46. Rb6 Qf5
47. Rb4 Qa5 48. g4 Qd5 49. Qb2 g5 50. h4 e5 51. Qxe5 gxh4 52. g5 h3+ 53. Kg3
Qxe5+ 54. Nxe5 Nd5 55. Rb7 1-0

[Event "Olomoucke sachove leto GM2"]
[Site "Olomouc"]
[Date "2015.08.20"]
[Round "7.3"]
[White "Camarena Gimenez, Rufino"]
[Black "Neuman, Petr"]
[Result "1/2-1/2"]
[WhiteElo "2378"]
[BlackElo "2464"]
[PlyCount "26"]
[EventDate "2015.??.??"]

1. d4 d5 2. c4 c6 3. Nf3 Nf6 4. e3 Bf5 5. Nc3 a6 6. Bd3 Bxd3 7. Qxd3 e6 8. O-O
Bb4 9. Ne2 Bd6 10. b3 O-O 11. Bb2 Ne4 12. Nd2 Nxd2 13. Qxd2 Nd7 1/2-1/2

[Event "Olomoucke sachove leto GM2"]
[Site "Olomouc"]
[Date "2015.08.20"]
[Round "7.4"]
[White "Plischki, Sebastian"]
[Black "Kourousis, Epaminondas"]
[Result "1/2-1/2"]
[WhiteElo "2393"]
[BlackElo "2421"]
[PlyCount "81"]
[EventDate "2015.??.??"]

1. Nf3 Nf6 2. c4 b6 3. g3 Bb7 4. Bg2 g6 5. d4 e6 6. O-O Bg7 7. Nc3 Ne4 8. Nxe4
Bxe4 9. Bg5 Qc8 10. Qd2 h6 11. Be3 d6 12. Rfd1 Nc6 13. d5 Ne7 14. dxe6 fxe6 15.
Nd4 Bxg2 16. Kxg2 Qd7 17. Rac1 Bxd4 18. Bxd4 e5 19. Bc3 O-O-O 20. e4 g5 21. Qe2
Qe6 22. b4 h5 23. c5 Kb8 24. cxd6 cxd6 25. Bd2 h4 26. Bxg5 hxg3 27. fxg3 Rdg8
28. Bxe7 Qxe7 29. Rc3 Rh6 30. h3 Qh7 31. g4 Rxg4+ 32. Qxg4 Rg6 33. Re1 Rxg4+
34. hxg4 Qg8 35. Rg3 Qxa2+ 36. Kh3 Qf2 37. Reg1 Qe2 38. g5 Qh5+ 39. Kg2 Qe2+
40. Kh3 Qh5+ 41. Kg2 1/2-1/2

[Event "Olomoucke sachove leto GM2"]
[Site "Olomouc"]
[Date "2015.08.20"]
[Round "7.5"]
[White "Rydl, Jiri"]
[Black "Cerveny, Martin"]
[Result "1-0"]
[WhiteElo "2419"]
[BlackElo "2399"]
[PlyCount "75"]
[EventDate "2015.??.??"]

1. e4 c5 2. Nc3 Nc6 3. f4 g6 4. Nf3 Bg7 5. Bb5 Nd4 6. O-O e6 7. Nxd4 cxd4 8.
Ne2 a6 9. Ba4 Ne7 10. d3 O-O 11. Kh1 d6 12. Bb3 b5 13. Ng3 Kh8 14. Qe1 a5 15.
a4 b4 16. Bd2 Rb8 17. Qf2 Bd7 18. Rae1 d5 19. f5 exf5 20. exd5 Nc8 21. Bf4 Nb6
22. Bxb8 Qxb8 23. Ne2 Bxa4 24. Bxa4 Nxa4 25. Ra1 Nb6 26. Rxa5 Qd6 27. Nxd4 Nxd5
28. Nf3 Bxb2 29. c4 bxc3 30. Qd4+ Qf6 31. Rxd5 Qxd4 32. Nxd4 Re8 33. Kg1 Kg7
34. Kf2 h5 35. Re1 Rc8 36. Nc2 Rc7 37. d4 Kf6 38. Rd8 1-0

[Event "Olomoucke sachove leto IM"]
[Site "Olomouc"]
[Date "2015.08.20"]
[Round "7.1"]
[White "Jurek, Josef"]
[Black "Bures, Jaroslav"]
[Result "1/2-1/2"]
[WhiteElo "2285"]
[BlackElo "2384"]
[PlyCount "20"]
[EventDate "2015.??.??"]

1. Nf3 d5 2. g3 c6 3. Bg2 Bf5 4. b3 h6 5. Bb2 e6 6. O-O Nf6 7. d3 Nbd7 8. Nbd2
Bh7 9. a3 Be7 10. c4 O-O 1/2-1/2

[Event "Olomoucke sachove leto IM"]
[Site "Olomouc"]
[Date "2015.08.20"]
[Round "7.2"]
[White "Ovchinnikov, Vsevolod"]
[Black "Shevchenko, Kirill"]
[Result "1-0"]
[WhiteElo "2224"]
[BlackElo "2265"]
[PlyCount "91"]
[EventDate "2015.??.??"]

1. d4 Nf6 2. c4 e6 3. Nf3 b6 4. g3 Ba6 5. Qc2 Bb7 6. Bg2 c5 7. d5 exd5 8. cxd5
Nxd5 9. O-O Be7 10. Qe4 Na6 11. Nh4 g6 12. Nf5 gxf5 13. Qe5 O-O 14. Qxf5 Re8
15. Nc3 Nac7 16. Be4 Bf6 17. Qxh7+ Kf8 18. Bxd5 Bxd5 19. Nxd5 Nxd5 20. e4 Nc7
21. Bh6+ Ke7 22. e5 Bxe5 23. Qe4 f6 24. f4 d5 25. Qh7+ Kd6 26. fxe5+ fxe5 27.
Rf7 Ne6 28. Raf1 Kc6 29. a4 c4 30. b4 cxb3 31. Qd3 Re7 32. Qb5+ Kd6 33. Qb4+
Kd7 34. Qxb3 Rxf7 35. Rxf7+ Kd6 36. Qa3+ Nc5 37. Qf3 Rc8 38. Bf8+ Kc6 39. Be7
Qh8 40. Rf6+ Kb7 41. Qxd5+ Ka6 42. Qc4+ Kb7 43. Rf7 Rc7 44. Bxc5 bxc5 45. Qd5+
Kb6 46. a5+ 1-0

[Event "Olomoucke sachove leto IM"]
[Site "Olomouc"]
[Date "2015.08.20"]
[Round "7.3"]
[White "Paszewski, Mateusz"]
[Black "Kozusek, Daniel"]
[Result "1/2-1/2"]
[WhiteElo "2292"]
[BlackElo "2347"]
[PlyCount "54"]
[EventDate "2015.??.??"]

1. c4 e5 2. g3 Nf6 3. Bg2 h6 4. a3 c6 5. d4 exd4 6. Qxd4 d5 7. cxd5 cxd5 8. Nf3
Nc6 9. Qa4 Bc5 10. O-O O-O 11. b4 Bb6 12. Bb2 Be6 13. Nbd2 a6 14. Rad1 Qe7 15.
Qc2 Rac8 16. Qb1 d4 17. Ne4 Rfd8 18. Nxf6+ Qxf6 19. Qa1 Rd7 20. Rd2 Rcd8 21. e3
Bd5 22. Nxd4 Bxg2 23. Kxg2 Nxd4 24. Bxd4 Bxd4 25. exd4 Rxd4 26. Rxd4 Qxd4 27.
Qxd4 Rxd4 1/2-1/2

[Event "Olomoucke sachove leto IM"]
[Site "Olomouc"]
[Date "2015.08.20"]
[Round "7.4"]
[White "Biolek, Richard"]
[Black "Zhylkaidarova, Sholpan"]
[Result "1-0"]
[WhiteElo "2447"]
[BlackElo "2145"]
[PlyCount "79"]
[EventDate "2015.??.??"]

1. e4 e6 2. d4 d5 3. Nd2 Nc6 4. c3 e5 5. exd5 Qxd5 6. Ngf3 exd4 7. Bc4 Qf5 8.
O-O Be6 9. Bxe6 fxe6 10. cxd4 O-O-O 11. Nc4 Nf6 12. Be3 Nd5 13. Rc1 Be7 14. a3
g5 15. Qc2 Qxc2 16. Rxc2 Rhg8 17. Nfe5 Nxe5 18. Nxe5 Bf6 19. Nd3 Nb6 20. Nc5
Rge8 21. Ne4 Be7 22. Rfc1 c6 23. Nxg5 Bxg5 24. Bxg5 Rxd4 25. Be3 Rd5 26. g3 Kc7
27. Kg2 Red8 28. Re2 Nd7 29. Rc4 Re8 30. Rg4 Re7 31. Bg5 Re8 32. Bf4+ e5 33.
Rg7 Kc8 34. Be3 Rh8 35. h4 Kc7 36. f4 exf4 37. Bxf4+ Kc8 38. Rxh7 Rg8 39. h5
Nf6 40. Rc7+ 1-0

[Event "Olomoucke sachove leto IM"]
[Site "Olomouc"]
[Date "2015.08.20"]
[Round "7.5"]
[White "Soural, Jan"]
[Black "Malik, Jan"]
[Result "1/2-1/2"]
[WhiteElo "2215"]
[BlackElo "2305"]
[PlyCount "79"]
[EventDate "2015.??.??"]

1. d4 d5 2. c4 c6 3. Nf3 Nf6 4. e3 Bf5 5. Nc3 e6 6. Nh4 Bg6 7. Nxg6 hxg6 8. Bd3
Qc7 9. g3 Nbd7 10. Bd2 Bd6 11. c5 Be7 12. f4 Nh5 13. O-O g5 14. Be2 g6 15. b4
gxf4 16. exf4 b6 17. Bf3 Ng7 18. Be3 Nf5 19. Bf2 g5 20. fxg5 Bxg5 21. Qd3 Nf6
22. b5 bxc5 23. dxc5 Ne7 24. bxc6 Nxc6 25. Nb5 Qe7 26. Nd6+ Kf8 27. Rae1 Nd7
28. Bd4 Nxd4 29. Qxd4 Bf6 30. Qf2 Rb8 31. Bxd5 Rh5 32. Bg2 Rxc5 33. Ne4 Rb2 34.
Re2 Rf5 35. Qe3 Rxe2 36. Qxe2 Bd4+ 37. Kh1 Rxf1+ 38. Qxf1 f5 39. g4 Qh7 40.
gxf5 1/2-1/2

[Event "Olomoucke sachove leto Open Olomouc"]
[Site "Olomouc"]
[Date "2015.08.20"]
[Round "7.1"]
[White "Krejci, Jan"]
[Black "Chkhaidze, Nikoloz"]
[Result "1/2-1/2"]
[WhiteElo "2506"]
[BlackElo "2225"]
[PlyCount "77"]
[EventDate "2015.08.15"]

1. d4 Nf6 2. Bg5 d5 3. e3 Nbd7 4. c4 Ne4 5. Bh4 c5 6. Ne2 cxd4 7. Nxd4 Qb6 8.
Qc2 e5 9. Nb3 Bb4+ 10. Nc3 Qh6 11. g3 g5 12. cxd5 Nd6 13. Bxg5 Qxg5 14. Bd3 Nb6
15. f4 exf4 16. exf4 Qf6 17. O-O-O Bxc3 18. bxc3 Bf5 19. Rhe1+ Kf8 20. Bxf5
Nxf5 21. c4 Kg7 22. g4 Nd6 23. c5 Rhc8 24. g5 Qxf4+ 25. Kb1 Nbc4 26. Ka1 Kg8
27. Rd4 Qf3 28. Rh4 h5 29. Nd4 Qxd5 30. cxd6 Nxd6 31. Qb2 Rc4 32. g6 f6 33. Ne6
Ne8 34. Rxc4 Qxc4 35. Nd4 Nd6 36. Ne6 Ne8 37. Nd4 Nd6 38. Ne6 Ne8 39. Nd4
1/2-1/2

[Event "Olomoucke sachove leto Open Olomouc"]
[Site "Olomouc"]
[Date "2015.08.20"]
[Round "7.2"]
[White "Navratil-Jun., Jiri"]
[Black "Studnicka, Tomas"]
[Result "0-1"]
[WhiteElo "1988"]
[BlackElo "2383"]
[PlyCount "40"]
[EventDate "2015.08.15"]

1. e4 c5 2. Nf3 Nc6 3. d4 cxd4 4. Nxd4 g6 5. Nc3 Bg7 6. Be3 Nf6 7. Bc4 Qa5 8.
O-O O-O 9. Bb3 d6 10. f3 Bd7 11. Qd2 Rfe8 12. Rad1 Rac8 13. Qf2 Ne5 14. h3 b5
15. Nde2 b4 16. Nd5 Bb5 17. Bxa7 Bxe2 18. Nxf6+ Bxf6 19. Qxe2 Qxa7+ 20. Kh1 Nc6
0-1

[Event "Olomoucke sachove leto Open Olomouc"]
[Site "Olomouc"]
[Date "2015.08.20"]
[Round "7.3"]
[White "Klima, Lukas"]
[Black "Kabelka, Ondrej"]
[Result "1-0"]
[WhiteElo "2339"]
[BlackElo "1855"]
[PlyCount "99"]
[EventDate "2015.08.15"]

1. e4 e6 2. d3 d5 3. Nd2 Nf6 4. Ngf3 b6 5. g3 Bb7 6. Qe2 dxe4 7. dxe4 Ba6 8. c4
Nc6 9. Bg2 Be7 10. O-O O-O 11. Rd1 Nd7 12. Nf1 Qc8 13. e5 Nc5 14. h4 Rd8 15.
Bg5 h6 16. Bxe7 Nxe7 17. Rxd8+ Qxd8 18. Rd1 Qc8 19. b4 Nd7 20. Nd4 c6 21. b5
Bb7 22. bxc6 Nxc6 23. Nb5 Ncxe5 24. Nd6 Bxg2 25. Nxc8 Bf3 26. Ne7+ Kf8 27. Qd2
Bxd1 28. Qd6 Ke8 29. Ng8 Kd8 30. Qxd1 Kc7 31. Ne7 Re8 32. f4 Nxc4 33. Qc2 b5
34. Nd2 Rxe7 35. Nxc4 bxc4 36. Qxc4+ Kd8 37. Qd4 e5 38. fxe5 Rxe5 39. Qxa7 Ke7
40. a4 g5 41. h5 Rd5 42. a5 Rd6 43. a6 Ke6 44. Qe3+ Kf5 45. a7 Nb6 46. Qe7 Rd1+
47. Kf2 Rb1 48. Qxf7+ Ke5 49. Qc7+ Kf6 50. Qd6+ 1-0

[Event "Olomoucke sachove leto Open Olomouc"]
[Site "Olomouc"]
[Date "2015.08.20"]
[Round "7.4"]
[White "Balokas, Dimitrios"]
[Black "Straka, Vojtech"]
[Result "1/2-1/2"]
[WhiteElo "2122"]
[BlackElo "2322"]
[PlyCount "38"]
[EventDate "2015.08.15"]

1. d4 d5 2. c4 c6 3. Nf3 Nf6 4. Nc3 e6 5. g3 Bd6 6. Bg2 Nbd7 7. O-O O-O 8. Nd2
c5 9. cxd5 exd5 10. dxc5 Nxc5 11. Nb3 Nxb3 12. Qxb3 d4 13. Nd5 Nxd5 14. Bxd5
Bg4 15. Bf3 Bxf3 16. Qxf3 Qe7 17. Rd1 Be5 18. Bf4 Bxf4 19. Qxf4 Qxe2 1/2-1/2